000
00220 a2200109 4500
001
44122
040
_c
Anchieta - Aquarius
240
1
0
_a
Peixinhos do mar
_l
245
1
0
_a
Peixinhos do mar
650
4
_a
Música
942
_c
MU
999
_c
44122
_d
44122